| 000 | 01909aam a2200325 i 4500 | ||
|---|---|---|---|
| 001 | 768714001 | ||
| 003 | CO-MdFUSB | ||
| 005 | 20250521091623.0 | ||
| 007 | ta | ||
| 008 | 250520t1977 flu||||| |||| 00| 0 spa d | ||
| 040 | _cCO-MdFUSB | ||
| 041 | 0 | _aspa | |
| 082 | 0 | 4 |
_223 _a248.4 _bD2611v |
| 100 | 1 |
_aDavis, Creath _eautor |
|
| 240 | _aHow to win in a crisis | ||
| 245 | 1 | 0 |
_aVictoria en la crisis _c/ Creath Davis ; traducido por Francisco Liévano |
| 260 | _aa | ||
| 264 | 1 |
_bVida, _aMiami, FL., USA : Vid _c[1977] |
|
| 264 | 4 | _c©1977 | |
| 300 | _a272 páginas | ||
| 336 |
_atexto _btxt _2rdacontent |
||
| 337 |
_2rdamedia _asin mediación _bn |
||
| 338 |
_2rdacarrier _avolumen _bnc |
||
| 505 | _a\I Parte: Cómo manejar los conflictos personales -- ¿Cómo reaccionas ante el conflicto? -- Los sustitutos de la intimidad -- Cómo manejar tus emociones -- El sentido del humor: una posesión valiosa -- La oración: un recurso olvidado -- El perdón: un ingrediente esencial \ II Parte: Haciéndole frente al conflicto -- Cómo trabajar con alguien que no te simpatiza -- Cómo vivir con un alcohólico -- Cómo manejar las perturbaciones emocionales -- ¿Soltero o incierto? -- El conflicto entre los padres y los adolescentes -- El conflicto entre los padres y los familiares políticos \ III Parte: Cómo manejar las circunstancias difíciles -- ¿Dónde comenzaron todos los problemas? -- El evangelio del éxito contra el evangelio de la redención -- ¿Cómo manejar tus crisis? -- Cómo hacer frente a las tragedias absurdas -- La perdida del significado en la vida -- El dolor y el sufrimiento -- Todos estamos envejeciendo -- El dinero puede crear crisis \ IV Parte Cómo hacer frente a la crisis final: la muerte | ||
| 563 | _aRústico | ||
| 650 | 1 | 0 |
_aVida cristiana _919 |
| 700 |
_aLiévano, Francisco _98345 _etraductor |
||
| 942 | _cBK | ||
| 945 | _aElías Tolentino | ||
| 999 |
_c32400 _d32400 |
||